000 00704cam a22002293a 4500
001 14457
003 PGUSA
005 20140828083317.0
008 041225s2004||||xxu|||||s|||||000 | eng d
040 _aPGUSA
_beng
042 _adc
050 4 _aD501
100 1 _aRinehart, Mary Roberts,
_d1876-1958
245 1 0 _aKings, Queens and Pawns :
_bAn American Woman at the Front
_h[electronic resource] /
_cMary Roberts Rinehart
260 _bProject Gutenberg,
_c2004
506 _aPublic domain in the USA.
516 _aElectronic text
653 _aWorld War, 1914-1918 -- Personal narratives
830 0 _aProject Gutenberg
_v14457
856 4 0 _uhttp://www.gutenberg.org/ebooks/14457
942 _cEB
999 _c243712
_d243712